| 000 | 01197cas a2200277 a 4500 | ||
|---|---|---|---|
| 005 | 20191224042203.0 | ||
| 008 | 820325d19771992enk x p 0 a0eng c | ||
| 022 | _a0524-6431 | ||
| 040 |
_aViBlbV _cViBlbV _dDNAL _dDLC _dNST _dDLC _dAIP _dDNAL _dNST _dN _dNST _dFU _dDLC _dNIC _dN _dInU _dDLC _dOCoLC _dDeU _dCO-BoIAVH |
||
| 041 | 0 | _aeng | |
| 044 | _aenk | ||
| 090 | _aSE | ||
| 245 | 0 | 0 |
_aBulletin of the British Museum (Natural History). _pEntomology series. |
| 246 | 1 |
_aBulletin British Museum (Natural History). _pEntomology series |
|
| 246 | 3 | 0 | _aEntomology series |
| 260 |
_aLondres (Reino Unido) : _bThe Museum, _c1977-c1992. |
||
| 300 |
_bilustraciones ; _c24 x 19 cm. |
||
| 650 | 2 | 6 |
_aEntomología _vPublicaciones periódicas |
| 650 | 2 | 6 | _aEntomología |
| 650 | 2 | 6 |
_aInsecta _vPublicaciones periódicas |
| 650 | 2 | 6 |
_aInsectos _vPublicaciones periódicas |
| 710 | 2 | _aBritish Museum (Natural History) | |
| 780 | 0 | 0 |
_tBulletin of the British Museum (Natural History). Entomology _x0524-6431 _w(DLC) 58020575 _w(OCoLC)1308526 |
| 785 | 0 | 0 |
_tBulletin of the Natural History Museum. Entomology series _x0968-0454 _w(DLC) 94640737 _w(OCoLC)28624498 |
| 942 |
_2z _cREVISTA |
||
| 999 |
_c16783 _d16783 |
||